000 00948nam a22002297a 4500
005 20240530110611.0
008 161116s2015 ua a g b 000 0 ara d
017 _a2014/17040
_bمصر. دار الكتب
020 _a9789776456341
040 _aEG-CaGPL
_cEG-CaGPL
082 0 4 _221
_a362.404536\
_bط م
100 0 _aطارق عبدالرؤوف عامر
245 1 2 _aالمهارات الحياتية و الاجتماعية لذوى الاحتياجات الخاصة /
_cطارق عبدالرؤوف عامر
250 _aط.1
260 _aالقاهرة :
_bدار الجوهرة للنشر والتوزيع ،
_c2015
300 _a334 ص. :
_bايض ؛
_c24 سم .
504 _aيشتمل على ارجاعات بيليوجرافية
650 0 7 _2qrmak
_aالمعوقون
_xالحياة الاجتماعية
650 0 7 _2qrmak
_aالمعوقون
_xمهارات
942 _2ddc
_cBK
999 _c62855
_d62855